000 00537cam a2200193 4500
001 D6216
008 090401t1977 xxu||||| |||| 00| 0 eng d
035 _a(Sirsi) u91291
041 _aeng
050 _a692.8
110 _aJoint Contracts Tribunal
_93664
245 _aStandard form of building contract for use with quantities; local authorities edition 1963, July 1977 revision
260 _aLondon
_bRIBA
_c1977
300 _a38p. 30cm
350 _a1.8
520 _aFiled at JCT 1977/3AC
942 _n0
948 _c04/03/1997
999 _c97627
_d97627